Organización y gestión del conocimiento en la comunicación

Guardat en:
Dades bibliogràfiques
Autor principal: García Jiménez, Antonio (Autor)
Format: Llibre
Idioma:espanyol
Publicat: Gijón Trea 2002
Col·lecció:Colección Biblioteconomía y Administración Cultural, 64
Matèries:
Etiquetes: Afegir etiqueta
Sense etiquetes, Sigues el primer a etiquetar aquest registre!

MARC

LEADER 00000nam a2200000 a 4500
001 UCJ2616
003 CL-VaPUC
008 070104e20020000SP |||||||||||||||||spa|d
020 |a 849700465 
082 0 4 |a 302.32  |b GAR  |2 21 
100 |a García Jiménez, Antonio  |e author  |9 503585 
245 1 0 |a Organización y gestión del conocimiento en la comunicación 
300 |a 203 p 
942 |c BK 
945 |d 20070104 00:00:00  |a jtorresc 
260 |a Gijón  |b Trea  |c 2002 
650 0 |a Gestión de la información   |9 362327 
650 0 |a Gestión del conocimiento  |9 469524 
650 0 |a Información pública   |9 257272 
583 |a last modification  |c 20070104 00:00:00  |k Rodrigo Vera 
490 0 |a Colección Biblioteconomía y Administración Cultural, 64 
999 |c 318810  |d 318808 
952 |0 0  |1 0  |4 0  |6 302_320000000000000_GAR_2002  |7 0  |8 A  |9 396950  |a BIBING  |b BIBING  |d 2019-11-22  |i 4310551  |o 302.32 GAR 2002  |p 4310551  |r 2025-01-20  |w 2019-11-22  |y BK  |k ING